| 000 | 00428nam a2200193Ia 4500 | ||
|---|---|---|---|
| 005 | 20250423100122.0 | ||
| 008 | 250422s9999 xx 000 0 und d | ||
| 020 | _a0-333-59433-9 | ||
| 050 | _aHD 31 .E97/ | ||
| 100 | _aEyre, E. C. | ||
| 245 | 0 | _aMastering basic management | |
| 250 | _a2nd ed. | ||
| 260 | _aLondon | ||
| 260 | _bMacmillan | ||
| 260 | _c1993 | ||
| 300 | _a314 p | ||
| 650 | _aManagement | ||
| 942 | _cBK | ||
| 999 |
_c32339 _d32339 |
||